000 00756nmm a2200265 a 4500
003 AR-BaBNM
005 20251128203556.0
008 019019s1965 ||||||||||||||000 | spa||
040 _cAR-BaBNM
100 1 _aAbad de Santillan, Diego
245 1 0 _aHistoria argentina
_n2
260 _aBuenos Aires
_bTEA
_c1965
300 0 _a569 p.
_bil., láms., mapas
504 _aBibliografía para consultar al final de cada capítulo
650 4 _aHISTORIA ARGENTINA
650 4 _aGUERRAS CIVILES ARGENTINAS
650 4 _aANARQUIA DE 1820
650 4 _aROSAS Y SU TIEMPO
650 4 _aHISTORIA CULTURAL
650 4 _aHISTORIA DE LA EDUCACION
650 4 _aORGANIZACION NACIONAL
650 4 _aCONFEDERACION ARGENTINA
942 _cBK
998 _cMariana
999 _c3985
_d3985